LEADER 01326nam a2200313 u 4500 001 000000037330 003 CaOOAMICUS 005 20070226113743.0 008 980406s1989 it u000 u ita u 020 $a8810408616 035 $a10789252 040 $aPUL(R)$bita 100 1 $aLonghitano, Adolfo.$0(OLS)http://pul/name/4841 245 13$aIl fedele cristiano :$bla condizione giuridica dei battezzati /$cA. Longhitano ... [et al.]. 260 $aBologna :$bEDB,$c1989. 300 $a266 p. ;$c22 cm 490 1 $aIl codice del Vaticano II ;$v6 504 $aBibliografia in nota a pie' pagina. 650 4$aBattesimo.$0(OLS)http://pul/subject/1772 830 3$aIl codice del Vaticano II ;$v6.$0(OLS)http://pul/title/48611 850 $aPUL 852 $aPUL$W1$xSL Diritto Canonico 1$y5$m151 L 23$j51010$nBK-PRI$b $qStampati$B51010$CPULBib$Z2$F51010 $81 852 $aPUL$W1$xDP1 Fondo G. Barberini$y122$m3 C 52$j115135$nBK-PRI$b 2 copia$qFondi $B178839$CPULBib$Z2$F178839 $HBar1248 $81 941 1 $a1 941 1 $a8 961 $aINV: 63244 996 $6020$a8810408616$9(OLS)http://pul/number/46707 996 $6245$aIl fedele cristiano :$bla condizione giuridica dei battezzati$9(OLS)http://pul/title/50846 996 $6260$aBologna :$bEDB$9(OLS)http://pul/publisher/56073 LEADER 00897nam a2200253 a 4500 001 000000138083 003 CaOOAMICUS 005 20140409121017.0 008 140409s1973 it u000 u ita r 040 $aPUL$bita 100 1 $aRonchey, Alberto.$0(OLS)http://pul/name/48171 245 10$aAtlante ideologico /$cAlberto Ronchey. 260 $aMilano :$bGarzanti,$cİ1973. 300 $a355 p. ;$c21 cm 490 1 $aSaggi 504 $aInclude indice e riferimenti bibliografici. 650 4$aPolitica$ySec. XX.$0(OLS)http://pul/subject/23018 830 0$aSaggi (Garzanti).$0(OLS)http://pul/title/137121 850 $aPUL 852 $aPUL$W1$xDP1 Fondo E. Rossi$y115$m7 C 67$j159178$qFondi$B158718$CPULBib$Z2$F158718 $82 941 1 $a1 996 $6245$aAtlante ideologico$9(OLS)http://pul/title/174834 996 $6260$aMilano :$bGarzanti$9(OLS)http://pul/publisher/49146